[Event "2 IECC, Ohrid"]
[Site "Ohrid MKD"]
[Date "2001.06.05"]
[Round "5.101"]
[White "Ulker, Ates"]
[Black "Gicev, Blagoja"]
[Result "1/2-1/2"]
[WhiteElo "2332"]
[BlackElo "2336"]
[EventDate "2001.06.01"]
[PlyCount "130"]

1.e4 c5 2.Nf3 Nc6 3.d4 cxd4 4.Nxd4 g6 5.Nc3 Bg7 6.Be3 Nf6 7.Bc4 O-O 8.Bb3 
d6 9.f3 Bd7 10.Qd2 Nxd4 11.Bxd4 b5 12.a4 bxa4 13.Nxa4 Qc7 14.O-O Be6 15.
Bxe6 fxe6 16.Nc3 Nd7 17.Bxg7 Kxg7 18.Ra2 Qc5+ 19.Kh1 Ne5 20.b3 Nc6 21.Rfa1
a5 22.Na4 Qb5 23.Nb2 Nb4 24.Ra4 Rfc8 25.Nc4 Nc6 26.h3 e5 27.Kh2 Rc7 28.Ne3
Rac8 29.Nd5 Rb7 30.h4 h5 31.Rc4 Rd8 32.Qg5 Rf8 33.Rd1 Rf7 34.Ne3 Nd4 35.
Rc8 Nxf3+ 36.gxf3 Qe2+ 37.Qg2 Qxe3 38.Rd3 Qf4+ 39.Qg3 Qxg3+ 40.Kxg3 Rf8 
41.Rc4 Rfb8 42.Rd1 Rb4 43.Rc7 R8b7 44.Rxb7 Rxb7 45.Ra1 Rb5 46.Ra4 Kf6 47.
Ra3 g5 48.Ra4 e6 49.Ra3 Rc5 50.c4 d5 51.cxd5 exd5 52.exd5 Rxd5 53.hxg5+ 
Kxg5 54.Ra4 Rb5 55.Re4 Kf6 56.Re3 Rb4 57.Rc3 Kf5 58.Rc5 h4+ 59.Kg2 Kf4 60.
Rxa5 h3+ 61.Kxh3 Rxb3 62.Kg2 Rb2+ 63.Kf1 Rb3 64.Kg2 Rb2+ 65.Kf1 Rb3 
1/2-1/2

[Event "2 IECC, Ohrid"]
[Site "Ohrid MKD"]
[Date "2001.06.06"]
[Round "6.1"]
[White "Aseev, Konstantin"]
[Black "Tymoshenko, Heorhiy"]
[Result "1/2-1/2"]
[WhiteElo "2577"]
[BlackElo "2537"]
[EventDate "2001.06.01"]
[PlyCount "35"]

1.d4 Nf6 2.c4 g6 3.g3 Bg7 4.Bg2 O-O 5.Nc3 d6 6.Nf3 Nc6 7.O-O a6 8.h3 Bd7 
9.e4 e5 10.Be3 exd4 11.Nxd4 Re8 12.Re1 Rb8 13.Nxc6 bxc6 14.Qd2 Qc8 15.g4 
c5 16.b3 Bc6 17.Bh6 Qb7 18.Bxg7 1/2-1/2

[Event "2 IECC, Ohrid"]
[Site "Ohrid MKD"]
[Date "2001.06.06"]
[Round "6.9"]
[White "Asrian, Karen"]
[Black "Tkachiev, Vladislav"]
[Result "1/2-1/2"]
[WhiteElo "2582"]
[BlackElo "2672"]
[EventDate "2001.06.01"]
[PlyCount "40"]

1.e4 e5 2.Nf3 Nc6 3.Bb5 a6 4.Ba4 Nf6 5.O-O Be7 6.Re1 b5 7.Bb3 O-O 8.a4 Bb7
9.d3 d6 10.Nbd2 h6 11.Nf1 Re8 12.Bd2 Bf8 13.Ne3 Ne7 14.c4 c6 15.axb5 axb5 
16.Rxa8 Bxa8 17.cxb5 cxb5 18.Qa1 Qd7 19.Qa2 Ng6 20.g3 Bb7 1/2-1/2

[Event "2 IECC, Ohrid"]
[Site "Ohrid MKD"]
[Date "2001.06.06"]
[Round "6.18"]
[White "Macieja, Bartlomiej"]
[Black "Czebe, Attila"]
[Result "1-0"]
[WhiteElo "2608"]
[BlackElo "2502"]
[EventDate "2001.06.01"]
[PlyCount "69"]

1.e4 c5 2.Nf3 e6 3.d4 cxd4 4.Nxd4 Nf6 5.Nc3 Nc6 6.Nxc6 bxc6 7.e5 Nd5 8.Ne4
Bb7 9.c4 Nb4 10.c5 Qh4 11.Qf3 h6 12.g3 Qd8 13.Qb3 Qa5 14.Bd2 Bxc5 15.Nxc5 
Qxc5 16.Bxb4 Qxe5+ 17.Be2 Ba6 18.Qc2 h5 19.Rd1 Bxe2 20.Qxe2 Qxe2+ 21.Kxe2 
d5 22.Ba3 Kd7 23.Rd4 e5 24.Ra4 a6 25.Rc1 Rhb8 26.Rh4 Rh8 27.Rc5 Kc7 28.Ra4
Rhb8 29.Rh4 g6 30.g4 Rh8 31.g5 f6 32.Rh3 Kd7 33.Rb3 fxg5 34.Rb7+ Kd6 35.
Rb6 1-0

[Event "2 IECC, Ohrid"]
[Site "Ohrid MKD"]
[Date "2001.06.06"]
[Round "6.19"]
[White "Galego, Luis"]
[Black "Sutovsky, Emil"]
[Result "1-0"]
[WhiteElo "2429"]
[BlackElo "2604"]
[EventDate "2001.06.01"]
[PlyCount "113"]

1.e4 c5 2.Nf3 d6 3.g3 Nf6 4.d3 g6 5.Bg2 Bg7 6.O-O Nc6 7.h3 O-O 8.Nc3 b6 9.
Be3 Bb7 10.Qd2 d5 11.exd5 Nxd5 12.Bh6 Nxc3 13.bxc3 Qd6 14.Rfe1 Na5 15.Bxg7
Kxg7 16.Qe3 Rfe8 17.h4 Qf6 18.Ne5 Bxg2 19.Kxg2 Qf5 20.h5 f6 21.Nf3 g5 22.
c4 Nc6 23.Qe6 Qxe6 24.Rxe6 Nb4 25.Re2 e5 26.g4 Nc6 27.a4 Re6 28.Ra2 Rf8 
29.Nd2 Nd4 30.Re1 f5 31.c3 Nc6 32.gxf5 Rd6 33.Ne4 Rxd3 34.a5 Nxa5 35.Nxc5 
bxc5 36.Rxa5 Rxf5 37.Rxc5 Rd2 38.h6+ Kg6 39.Rf1 Rc2 40.Rc6+ Kh5 41.Rc7 e4 
42.Rxh7 e3 43.Kg3 Rcxf2 44.Rh1+ Kg6 45.Rg7+ Kf6 46.Rxa7 R2f3+ 47.Kg2 Rf2+ 
48.Kg3 R2f3+ 49.Kg2 g4 50.h7 Kg5 51.Rg7+ Kf4 52.h8=Q Rf2+ 53.Kg1 Kf3 54.
Rh2 Ke2 55.Rg2 Ke1 56.R7xg4 e2 57.Rxf2 1-0

[Event "2 IECC, Ohrid"]
[Site "Ohrid MKD"]
[Date "2001.06.06"]
[Round "6.26"]
[White "Akopian, Vladimir"]
[Black "Vaisser, Anatoli"]
[Result "1/2-1/2"]
[WhiteElo "2654"]
[BlackElo "2540"]
[EventDate "2001.06.01"]
[PlyCount "125"]

1.e4 e6 2.d4 d5 3.Nd2 c5 4.exd5 Qxd5 5.Ngf3 cxd4 6.Bc4 Qd6 7.O-O Nf6 8.Nb3
Nc6 9.Nbxd4 Nxd4 10.Nxd4 a6 11.Bb3 Be7 12.c3 O-O 13.Qf3 Qc7 14.Re1 Bd6 15.
h3 e5 16.Nc2 e4 17.Qe2 Qc5 18.Nd4 Re8 19.Be3 Qe5 20.f4 exf3 21.Nxf3 Qg3 
22.Bf2 Rxe2 23.Bxg3 Rxe1+ 24.Bxe1 Be6 25.Bxe6 fxe6 26.Rd1 Rd8 27.Kf1 Kf7 
28.c4 Ke7 29.b3 Bc5 30.Rxd8 Kxd8 31.Ke2 Ke7 32.Kd3 Bd6 33.b4 Nh5 34.Ke4 
Nf4 35.c5 Bc7 36.Bg3 Nd5 37.Bxc7 Nxc7 38.Nd4 Nd5 39.a3 Nf6+ 40.Kf4 h6 41.
Nb3 g5+ 42.Ke5 Nd7+ 43.Kd4 Kd8 44.a4 Nf6 45.b5 axb5 46.axb5 Nd5 47.b6 Nf4 
48.Ke5 Nxg2 49.c6 Kc8 50.c7 Ne3 51.Kd6 Nd5 52.Kc5 Nxc7 53.bxc7 Kxc7 54.Nd2
Kd7 55.Ne4 Ke7 56.Kd4 Kf7 57.Ke3 Kg6 58.Nc5 Kh5 59.Kf3 Kh4 60.Kg2 b5 61.
Nxe6 g4 62.hxg4 Kxg4 63.Nd4 1/2-1/2

[Event "2 IECC, Ohrid"]
[Site "Ohrid MKD"]
[Date "2001.06.06"]
[Round "6.27"]
[White "Gershon, Alik"]
[Black "Jussupow, Artur"]
[Result "1/2-1/2"]
[WhiteElo "2539"]
[BlackElo "2645"]
[EventDate "2001.06.01"]
[PlyCount "76"]

1.d4 Nf6 2.c4 e6 3.Nc3 d5 4.cxd5 exd5 5.Bg5 Be7 6.e3 Nbd7 7.Nf3 O-O 8.Bd3 
Re8 9.Qc2 Nf8 10.h3 Be6 11.O-O c6 12.a3 Rc8 13.b4 N6d7 14.Bf4 Nb6 15.Nd2 
Bd6 16.Bxd6 Qxd6 17.Ne2 Nbd7 18.Nb3 Rc7 19.Rfc1 a6 20.Nc5 Nxc5 21.Qxc5 
Qxc5 22.bxc5 Bc8 23.Rab1 g6 24.Rc3 Ne6 25.Nc1 Kg7 26.Bc2 f6 27.f3 Rce7 28.
Kf2 Nd8 29.Rb2 Nf7 30.Bb1 Nh6 31.Nb3 Nf7 32.Na5 Nd8 33.Rd2 f5 34.f4 h6 35.
Nb3 g5 36.Nc1 Kf6 37.g3 Ne6 38.Bc2 h5 1/2-1/2

[Event "2 IECC, Ohrid"]
[Site "Ohrid MKD"]
[Date "2001.06.06"]
[Round "6.31"]
[White "Tregubov, Pavel"]
[Black "Agrest, Evgenij"]
[Result "1/2-1/2"]
[WhiteElo "2628"]
[BlackElo "2532"]
[EventDate "2001.06.01"]
[PlyCount "34"]

1.d4 Nf6 2.c4 e6 3.Nf3 d5 4.Nc3 dxc4 5.e3 a6 6.a4 c5 7.Bxc4 Nc6 8.O-O Be7 
9.Qe2 cxd4 10.Rd1 e5 11.exd4 exd4 12.Nxd4 Nxd4 13.Qe5 Qd6 14.Qxd6 Bxd6 15.
Rxd4 Be5 16.Rd1 O-O 17.h3 Re8 1/2-1/2

[Event "2 IECC, Ohrid"]
[Site "Ohrid MKD"]
[Date "2001.06.06"]
[Round "6.32"]
[White "Tiviakov, Sergei"]
[Black "Timoscenko, Gennadij"]
[Result "1-0"]
[WhiteElo "2603"]
[BlackElo "2531"]
[EventDate "2001.06.01"]
[PlyCount "103"]

1.e4 e5 2.Nf3 Nf6 3.d4 Nxe4 4.Bd3 d5 5.Nxe5 Nd7 6.Qe2 Nxe5 7.Bxe4 dxe4 8.
Qxe4 Be6 9.Qxe5 Qd7 10.O-O O-O-O 11.Be3 Bb4 12.c3 f6 13.Qg3 Be7 14.Nd2 h5 
15.f3 g5 16.c4 f5 17.Qe5 Bd6 18.Qa5 Bf4 19.Bxf4 Qxd4+ 20.Rf2 gxf4 21.Nb3 
Qb6 22.Qxb6 axb6 23.Rc2 Rhe8 24.Kf2 Bf7 25.Re1 Rxe1 26.Kxe1 h4 27.h3 Re8+ 
28.Kf2 b5 29.cxb5 Bxb3 30.axb3 Re3 31.b4 Rb3 32.Rc4 Rxb2+ 33.Kg1 Kd7 34.
Rxf4 Ke6 35.Rxh4 Rc2 36.b6 cxb6 37.Rh6+ Ke5 38.Rxb6 Rc7 39.Kh2 Kf4 40.Rb5 
Rf7 41.g4 fxg4 42.fxg4 Rd7 43.Rf5+ Ke4 44.Kg3 Rd3+ 45.Kh4 Rd7 46.Rf6 Ke5 
47.Kg5 Rg7+ 48.Rg6 Rh7 49.h4 b5 50.h5 Kd5 51.Rf6 Rg7+ 52.Kh4 1-0

[Event "2 IECC, Ohrid"]
[Site "Ohrid MKD"]
[Date "2001.06.06"]
[Round "6.34"]
[White "Blehm, Pawel"]
[Black "Markowski, Tomasz"]
[Result "1/2-1/2"]
[WhiteElo "2530"]
[BlackElo "2592"]
[EventDate "2001.06.01"]
[PlyCount "34"]

1.e4 e5 2.Nf3 Nc6 3.Bb5 Nf6 4.O-O Nxe4 5.d4 Nd6 6.Bxc6 dxc6 7.dxe5 Nf5 8.
Qxd8+ Kxd8 9.Nc3 Ne7 10.Re1 h6 11.Ne4 Ng6 12.h3 b6 13.Bd2 c5 14.Rad1 Ke8 
15.a3 a5 16.Kh2 Be6 17.g4 Rd8 1/2-1/2

[Event "2 IECC, Ohrid"]
[Site "Ohrid MKD"]
[Date "2001.06.06"]
[Round "6.36"]
[White "Nielsen, Peter Heine"]
[Black "Goloshchapov, Alexander"]
[Result "1/2-1/2"]
[WhiteElo "2585"]
[BlackElo "2528"]
[EventDate "2001.06.01"]
[PlyCount "29"]

1.d4 d5 2.c4 c6 3.Nc3 dxc4 4.e3 b5 5.a4 b4 6.Ne4 Qd5 7.Ng3 Nf6 8.Nf3 Na6 
9.Bd2 e6 10.Bc1 Bd6 11.Qc2 b3 12.Qb1 Bxg3 13.hxg3 Ne4 14.Rh4 f5 15.Ne5 
1/2-1/2

[Event "2 IECC, Ohrid"]
[Site "Ohrid MKD"]
[Date "2001.06.06"]
[Round "6.41"]
[White "Istratescu, Andrei"]
[Black "Ermenkov, Evgeny"]
[Result "1-0"]
[WhiteElo "2561"]
[BlackElo "2478"]
[EventDate "2001.06.01"]
[PlyCount "81"]

1.d4 Nf6 2.c4 c5 3.d5 b5 4.Nf3 g6 5.cxb5 a6 6.Qc2 d6 7.e4 Bg7 8.Nc3 O-O 9.
a4 axb5 10.Bxb5 Na6 11.h3 Nc7 12.Bc4 Ba6 13.Bxa6 Rxa6 14.O-O Qa8 15.Be3 
Rb8 16.Nd2 Nd7 17.b3 e6 18.dxe6 fxe6 19.Rab1 Rc6 20.Rfd1 Bd4 21.Nf1 Bg7 
22.Nb5 Nxb5 23.axb5 Rcb6 24.b4 Bf8 25.Qc4 Kf7 26.bxc5 Nxc5 27.Bxc5 Rc8 28.
Ra1 Qb8 29.Ra7+ Rb7 30.e5 Rxc5 31.Qf4+ Kg8 32.Rxb7 Qxb7 33.exd6 Rd5 34.Qe4
Kf7 35.Qf3+ Kg8 36.Ne3 Rxd1+ 37.Qxd1 Qb6 38.Nc4 Qb8 39.b6 Bg7 40.b7 Bf6 
41.Qb1 1-0

[Event "2 IECC, Ohrid"]
[Site "Ohrid MKD"]
[Date "2001.06.06"]
[Round "6.49"]
[White "Savchenko, Stanislav"]
[Black "Kobalia, Mikhail"]
[Result "1/2-1/2"]
[WhiteElo "2517"]
[BlackElo "2590"]
[EventDate "2001.06.01"]
[PlyCount "62"]

1.d4 d5 2.c4 c6 3.Nf3 Nf6 4.e3 a6 5.Bd3 dxc4 6.Bxc4 b5 7.Bd3 e6 8.a4 Bb7 
9.O-O Nbd7 10.e4 Be7 11.Bg5 h6 12.Be3 Qc7 13.e5 Nd5 14.Nc3 Nxc3 15.bxc3 
Nb6 16.axb5 cxb5 17.Nd2 Nd5 18.Ne4 Nxc3 19.Nxc3 Qxc3 20.Rc1 Qa3 21.Bb1 Bd5
22.Qg4 Kd7 23.Be4 Qb3 24.Rb1 Qa2 25.Ra1 Qb3 26.Rfb1 Qc4 27.Rc1 Qb3 28.Rab1
Qa2 29.Ra1 Qb3 30.Rab1 Qa2 31.Ra1 Qb3 1/2-1/2

[Event "2 IECC, Ohrid"]
[Site "Ohrid MKD"]
[Date "2001.06.06"]
[Round "6.50"]
[White "Galkin, Alexander"]
[Black "Rabiega, Robert"]
[Result "1-0"]
[WhiteElo "2584"]
[BlackElo "2517"]
[EventDate "2001.06.01"]
[PlyCount "113"]

1.e4 c5 2.Nf3 Nc6 3.d4 cxd4 4.Nxd4 Nf6 5.Nc3 e6 6.Ndb5 Bb4 7.a3 Bxc3+ 8.
Nxc3 d5 9.exd5 exd5 10.Bd3 O-O 11.O-O d4 12.Ne2 Bg4 13.f3 Bh5 14.b4 Qb6 
15.Nf4 Bg6 16.Nxg6 hxg6 17.f4 Ne7 18.Qf3 Ned5 19.Re1 Rfe8 20.Bd2 Qc7 21.
Kh1 Qd6 22.f5 gxf5 23.Bxf5 g6 24.Bd3 Kg7 25.h3 Rh8 26.Rf1 Rae8 27.Rae1 
Rxe1 28.Rxe1 Rh5 29.Kg1 Re5 30.Qf2 Qe7 31.Rxe5 Qxe5 32.Qf3 b6 33.Kf2 Nc3 
34.Qf4 Nce4+ 35.Kg1 Qe6 36.Bc1 a5 37.Bb2 Qd5 38.Qc7 Nc3 39.Bxc3 dxc3 40.
Qxb6 axb4 41.axb4 Qe5 42.Qc5 Nd5 43.Bf1 f6 44.b5 Qe6 45.Qd4 g5 46.Bc4 Qe1+
47.Kh2 Ne3 48.Qd7+ Kh6 49.Bd3 Nf1+ 50.Bxf1 Qxf1 51.Qd6 g4 52.hxg4 Qf2 53.
g5+ Kh5 54.Qd3 Qd2 55.Qf3+ Kxg5 56.b6 Kg6 57.b7 1-0

[Event "2 IECC, Ohrid"]
[Site "Ohrid MKD"]
[Date "2001.06.06"]
[Round "6.51"]
[White "Nijboer, Friso"]
[Black "Shneider, Alexander"]
[Result "1-0"]
[WhiteElo "2580"]
[BlackElo "2516"]
[EventDate "2001.06.01"]
[PlyCount "119"]

1.e4 c5 2.Nf3 d6 3.d4 cxd4 4.Nxd4 Nf6 5.Nc3 a6 6.Bc4 e6 7.Bb3 b5 8.O-O Be7
9.Qf3 Qc7 10.Qg3 Nc6 11.Nxc6 Qxc6 12.Re1 Bb7 13.Qxg7 Rg8 14.Qh6 O-O-O 15.
Qh3 Kb8 16.f3 Rg6 17.Be3 Rdg8 18.Re2 h5 19.Rd1 Nd7 20.Nd5 exd5 21.Bxd5 Qc7
22.Bxf7 h4 23.Bxg8 Rxg8 24.Qe6 Rg7 25.Qh6 Rg8 26.Qe6 Rg7 27.h3 Ne5 28.f4 
Rg6 29.Qb3 Nc4 30.Bd4 Bf6 31.Qc3 Rg3 32.Rd3 b4 33.Ba7+ Kxa7 34.Qxf6 Qc5+ 
35.Qd4 Qxd4+ 36.Rxd4 Nxb2 37.Rxb4 Nd1 38.Rd4 Nc3 39.Re1 Nxa2 40.Rxd6 Nc3 
41.Rd4 Kb6 42.f5 Kc5 43.f6 Rg8 44.Rd7 Bc6 45.Rg7 Rf8 46.e5 Nd5 47.f7 Ne7 
48.e6 Kd6 49.Rg4 a5 50.Rxh4 a4 51.Rd4+ Kc5 52.Rd3 Bb5 53.Rde3 Kb6 54.Rd1 
Kc7 55.Rc3+ Bc6 56.Re3 Ra8 57.h4 Rh8 58.h5 Ra8 59.g4 Nd5 60.e7 1-0

[Event "2 IECC, Ohrid"]
[Site "Ohrid MKD"]
[Date "2001.06.06"]
[Round "6.52"]
[White "Kantsler, Boris"]
[Black "Epishin, Vladimir"]
[Result "1/2-1/2"]
[WhiteElo "2507"]
[BlackElo "2579"]
[EventDate "2001.06.01"]
[PlyCount "31"]

1.e4 c5 2.Nf3 e6 3.c3 Nf6 4.e5 Nd5 5.d4 cxd4 6.cxd4 d6 7.exd6 Qxd6 8.Nc3 
Be7 9.Bc4 O-O 10.O-O Nd7 11.Nxd5 exd5 12.Bb3 Rd8 13.Re1 Nf8 14.Ne5 Bf6 15.
Qf3 Be6 16.Bd2 1/2-1/2

[Event "2 IECC, Ohrid"]
[Site "Ohrid MKD"]
[Date "2001.06.06"]
[Round "6.55"]
[White "Conquest, Stuart"]
[Black "Fedorchuk, Serhii"]
[Result "1/2-1/2"]
[WhiteElo "2563"]
[BlackElo "2528"]
[EventDate "2001.06.01"]
[PlyCount "88"]

1.d4 Nf6 2.c4 e6 3.Nc3 Bb4 4.e3 b6 5.Ne2 c5 6.a3 Ba5 7.Rb1 Na6 8.Qa4 Bb7 
9.Bd2 Qe7 10.Ng3 O-O 11.Bd3 Bxg2 12.Rg1 Bc6 13.Qd1 g6 14.d5 Bb7 15.Kf1 Ne8
16.e4 Ng7 17.Qf3 b5 18.h4 Nc7 19.h5 Rab8 20.Qf4 d6 21.Rh1 bxc4 22.Bc2 g5 
23.Qxg5 Qxg5 24.Bxg5 f6 25.Bf4 e5 26.h6 Nge8 27.Be3 Bc8 28.Ke2 Kf7 29.Nf5 
Bxf5 30.exf5 Ke7 31.Be4 Rb3 32.Bd2 Rg8 33.Rhc1 Rg4 34.Kf3 Rh4 35.Rg1 Nb5 
36.Bc2 Nd4+ 37.Kg3 Rh5 38.Kg4 Rh2 39.Bxb3 cxb3 40.Be3 Nc7 41.Kg3 Rh5 42.
Kg4 Rh2 43.Kg3 Rh5 44.Kg4 Rh2 1/2-1/2

[Event "2 IECC, Ohrid"]
[Site "Ohrid MKD"]
[Date "2001.??.06"]
[Round "6.56"]
[White "Zelcic, Robert"]
[Black "Neverov, Valeriy"]
[Result "0-1"]
[WhiteElo "2503"]
[BlackElo "2562"]
[EventDate "2001.06.01"]
[PlyCount "74"]

1.e4 c5 2.Nf3 d6 3.d4 cxd4 4.Qxd4 Nc6 5.Bb5 Bd7 6.Bxc6 Bxc6 7.Nc3 Nf6 8.
Bg5 e6 9.O-O-O Be7 10.Qd3 O-O 11.Nd4 Qa5 12.f4 Rac8 13.Kb1 Rfe8 14.f5 Qe5 
15.Rhe1 Qxh2 16.Rh1 Qe5 17.Qh3 Bxe4 18.Bxf6 Bxf6 19.Qxh7+ Kf8 20.Rhe1 Rxc3
21.bxc3 exf5 22.g4 fxg4 23.Rxe4 Qxe4 24.Nf5 g6 25.Nh6 Qc4 26.Qg8+ Ke7 27.
Re1+ Be5 28.Rxe5+ dxe5 29.Qg7 Qf1+ 30.Kb2 Qf6 31.Ng8+ Rxg8 32.Qxg8 Qb6+ 
33.Ka3 g3 34.Qh8 Qd6+ 35.Kb3 g2 36.Qh4+ Qf6 37.Qb4+ Ke8 0-1

[Event "2 IECC, Ohrid"]
[Site "Ohrid MKD"]
[Date "2001.06.06"]
[Round "6.58"]
[White "Miton, Kamil"]
[Black "Volkov, Sergei"]
[Result "1/2-1/2"]
[WhiteElo "2497"]
[BlackElo "2558"]
[EventDate "2001.06.01"]
[PlyCount "62"]

1.d4 d5 2.c4 c6 3.e3 Nf6 4.Nf3 Bf5 5.Nc3 e6 6.Nh4 Be4 7.f3 Bg6 8.Nxg6 hxg6
9.Qb3 Qc7 10.Bd2 Nbd7 11.O-O-O dxc4 12.Bxc4 b5 13.Bf1 Rxh2 14.Rxh2 Qxh2 
15.e4 b4 16.Na4 a5 17.g4 Be7 18.g5 Nh5 19.d5 cxd5 20.exd5 exd5 21.Qxd5 
Rc8+ 22.Kb1 Qe5 23.Qxd7+ Kxd7 24.Bf4+ Ke6 25.Bxe5 Kxe5 26.Re1+ Kd6 27.Nb6 
Rc7 28.Nc4+ Kd5 29.Re5+ Kd4 30.Re4+ Kd5 31.Re5+ Kd4 1/2-1/2

[Event "2 IECC, Ohrid"]
[Site "Ohrid MKD"]
[Date "2001.06.06"]
[Round "6.59"]
[White "Mrva, Martin"]
[Black "Blatny, Pavel"]
[Result "1-0"]
[WhiteElo "2479"]
[BlackElo "2547"]
[EventDate "2001.06.01"]
[PlyCount "125"]

1.e4 g6 2.d4 Bg7 3.c4 c5 4.d5 d6 5.h3 a6 6.a4 a5 7.Nf3 Nf6 8.Nc3 Nfd7 9.
Be2 Na6 10.O-O Nb4 11.Nh2 Qb6 12.f4 Bd4+ 13.Kh1 Nf6 14.Bf3 h5 15.Nb5 h4 
16.Qe2 Bd7 17.Rd1 Bxb5 18.axb5 Qc7 19.Ra4 Nd7 20.Bg4 Bg7 21.Ra3 Nf6 22.f5 
gxf5 23.exf5 Kf8 24.Bg5 Re8 25.Re3 Ng8 26.Nf3 Bf6 27.Re1 Qd8 28.Bxf6 Nxf6 
29.Qf2 Rh6 30.R1e2 b6 31.Kg1 Kg7 32.Nh2 Rh7 33.Bf3 Kh8 34.Be4 Nxe4 35.Rxe4
Nd3 36.Qe3 Ne5 37.Nf3 f6 38.Nxe5 dxe5 39.Qf2 Rg8 40.Rxh4 Rg7 41.Ree4 Qg8 
42.Rxh7+ Rxh7 43.Rg4 Qf8 44.Rg6 Rh6 45.Qg3 Kh7 46.Qg4 Qf7 47.Rxh6+ Kxh6 
48.Kf2 a4 49.Kg3 Qe8 50.Kh4 Qf7 51.Qe2 Qe8 52.Qd1 Qf7 53.g4 Qe8 54.Qd2+ 
Kg7 55.g5 Qh8+ 56.Kg4 Qg8 57.h4 Qa8 58.h5 a3 59.h6+ Kh8 60.bxa3 Qa4 61.
gxf6 Qxc4+ 62.Kh5 exf6 63.Qg2 1-0

[Event "2 IECC, Ohrid"]
[Site "Ohrid MKD"]
[Date "2001.06.06"]
[Round "6.60"]
[White "Narciso Dublan, Marc"]
[Black "Volokytin, Andriy"]
[Result "1/2-1/2"]
[WhiteElo "2544"]
[BlackElo "2493"]
[EventDate "2001.06.01"]
[PlyCount "101"]

1.d4 Nf6 2.c4 e6 3.Nf3 c5 4.d5 d6 5.Nc3 exd5 6.cxd5 g6 7.Nd2 Nbd7 8.e4 Bg7
9.Nc4 Nb6 10.Ne3 O-O 11.Bd3 Nh5 12.g3 Bh3 13.f4 Nf6 14.g4 c4 15.Bc2 h5 16.
g5 Ng4 17.Qf3 Nxe3 18.Bxe3 Qc8 19.f5 Bg4 20.Qf2 Re8 21.h3 Bxf5 22.exf5 
Bxc3+ 23.bxc3 Qc5 24.O-O Qxe3 25.fxg6 fxg6 26.Bxg6 Qxg5+ 27.Kh2 Qe5+ 28.
Qg3 Qxg3+ 29.Kxg3 Re7 30.Kh4 Nxd5 31.Rg1 Kh8 32.Raf1 Re6 33.Rf7 Re7 34.Rg5
Rxf7 35.Bxf7 Nf6 36.Rg6 Rf8 37.Bxc4 d5 38.Bd3 Rf7 39.Bf5 Ne4 40.Be6 Rf6 
41.Kxh5 Rxg6 42.Kxg6 Nxc3 43.Kf6 d4 44.Bf5 Nxa2 45.Ke5 Nb4 46.Kxd4 Nc6+ 
47.Kc5 Kg7 48.Bc8 Nd8 49.Kb5 Kf6 50.Bxb7 Nxb7 51.Ka6 1/2-1/2

[Event "2 IECC, Ohrid"]
[Site "Ohrid MKD"]
[Date "2001.06.06"]
[Round "6.62"]
[White "Yegiazarian, Arsen"]
[Black "Podgaets, Mikhail"]
[Result "1/2-1/2"]
[WhiteElo "2529"]
[BlackElo "2477"]
[EventDate "2001.06.01"]
[PlyCount "36"]

1.e4 c6 2.d4 d5 3.Nc3 dxe4 4.Nxe4 Nd7 5.Nf3 Ngf6 6.Ned2 g6 7.g3 Bg7 8.Bg2 
O-O 9.O-O Nb6 10.Re1 Bf5 11.Nb3 Re8 12.h3 Qc8 13.Kh2 Be4 14.Qe2 Nbd7 15.
Be3 e5 16.dxe5 Nxe5 17.Rad1 Nxf3+ 18.Bxf3 Qf5 1/2-1/2

[Event "2 IECC, Ohrid"]
[Site "Ohrid MKD"]
[Date "2001.06.06"]
[Round "6.63"]
[White "Kristjansson, Stefan"]
[Black "Gdanski, Jacek"]
[Result "1/2-1/2"]
[WhiteElo "2371"]
[BlackElo "2528"]
[EventDate "2001.06.01"]
[PlyCount "68"]

1.e4 e6 2.d4 d5 3.Nd2 c5 4.Ngf3 Nc6 5.exd5 exd5 6.Bb5 cxd4 7.O-O Bd6 8.Nb3
Ne7 9.Nbxd4 O-O 10.h3 h6 11.c3 a6 12.Ba4 Bc7 13.Re1 Qd6 14.Be3 Bd7 15.Bc2 
Rfe8 16.Qd3 Ng6 17.Nxc6 bxc6 18.b4 a5 19.a3 Re6 20.Bc5 Qf4 21.Rxe6 Bxe6 
22.Re1 axb4 23.cxb4 Bd7 24.a4 Bd6 25.Bxd6 Qxd6 26.Qc3 Rb8 27.Rb1 Nf4 28.
Qe5 Qxe5 29.Nxe5 Be8 30.Kf1 f6 31.Nf3 Kf7 32.h4 Ne6 33.Ke1 c5 34.b5 Rb6 
1/2-1/2

[Event "2 IECC, Ohrid"]
[Site "Ohrid MKD"]
[Date "2001.06.06"]
[Round "6.65"]
[White "Basagic, Zlatko"]
[Black "Tischbierek, Raj"]
[Result "1-0"]
[WhiteElo "2345"]
[BlackElo "2527"]
[EventDate "2001.06.01"]
[PlyCount "43"]

1.d4 Nf6 2.c4 e6 3.Nc3 Bb4 4.Bg5 h6 5.Bh4 c5 6.d5 Bxc3+ 7.bxc3 d6 8.e3 e5 
9.Bd3 Qe7 10.Ne2 Nbd7 11.f4 g5 12.fxg5 Nh5 13.Ng3 Nxg3 14.Bxg3 hxg5 15.Qc2
Nf6 16.Bf5 Nh5 17.O-O Bxf5 18.Rxf5 Ng7 19.Qa4+ Kd8 20.Rf2 f5 21.Rb1 f4 22.
Rfb2 1-0

[Event "2 IECC, Ohrid"]
[Site "Ohrid MKD"]
[Date "2001.06.06"]
[Round "6.67"]
[White "Degraeve, Jean-Marc"]
[Black "Ekstrom, Roland"]
[Result "0-1"]
[WhiteElo "2589"]
[BlackElo "2492"]
[EventDate "2001.06.01"]
[PlyCount "42"]

1.e4 d5 2.exd5 Nf6 3.c4 e6 4.dxe6 Bxe6 5.Be2 Nc6 6.Nf3 Bc5 7.O-O O-O 8.d3 
Re8 9.Nbd2 Bf5 10.Nb3 Rxe2 11.Nxc5 Re8 12.d4 Bg4 13.Be3 Bxf3 14.Qxf3 Nxd4 
15.Qxb7 Rb8 16.Qxa7 Ne2+ 17.Kh1 Ng4 18.g3 Qf6 19.Kg2 Rxb2 20.Na4 Qc6+ 21.
f3 Nf4+ 0-1

[Event "2 IECC, Ohrid"]
[Site "Ohrid MKD"]
[Date "2001.06.06"]
[Round "6.68"]
[White "Gausel, Einar"]
[Black "Kruppa, Yuriy"]
[Result "1/2-1/2"]
[WhiteElo "2480"]
[BlackElo "2572"]
[EventDate "2001.06.01"]
[PlyCount "46"]

1.d4 e6 2.Nf3 c5 3.g3 b5 4.Bg2 Bb7 5.c3 cxd4 6.cxd4 Nf6 7.O-O Be7 8.Bg5 
O-O 9.Qd3 Qb6 10.Nbd2 h6 11.Bxf6 Bxf6 12.e3 Nc6 13.Rfc1 Be7 14.a3 Rac8 15.
Ne4 Nb8 16.h4 Rxc1+ 17.Rxc1 Rc8 18.Rxc8+ Bxc8 19.b4 a5 20.Qc3 Nc6 21.Nc5 
axb4 22.axb4 d6 23.Nd3 Bd7 1/2-1/2

[Event "2 IECC, Ohrid"]
[Site "Ohrid MKD"]
[Date "2001.06.06"]
[Round "6.69"]
[White "Kuzmin, Gennady"]
[Black "Arbakov, Valentin"]
[Result "1-0"]
[WhiteElo "2582"]
[BlackElo "2491"]
[EventDate "2001.06.01"]
[PlyCount "110"]

1.e4 c5 2.Nf3 d6 3.c3 Nf6 4.d3 Nc6 5.Be2 g6 6.O-O Bg7 7.d4 O-O 8.d5 Nb8 9.
Qc2 e6 10.dxe6 Bxe6 11.Rd1 Qe7 12.Bf4 d5 13.exd5 Nxd5 14.Bg3 Nc6 15.Na3 
Rfd8 16.Re1 Rac8 17.Bf1 h6 18.Nc4 b5 19.Nce5 Nxe5 20.Nxe5 c4 21.Rad1 Bf5 
22.Qc1 Qc5 23.h3 Nf6 24.Rxd8+ Rxd8 25.Bh2 Ne4 26.Ng4 h5 27.Ne3 Bh6 28.Re2 
Bc8 29.Qe1 Bb7 30.Kh1 Bxe3 31.fxe3 Rd3 32.Kg1 Qd5 33.Rc2 Rd1 34.Qe2 h4 35.
b3 Qd3 36.bxc4 bxc4 37.Rb2 Qxe2 38.Rxe2 Ng3 39.Bxg3 hxg3 40.e4 f5 41.exf5 
gxf5 42.Re3 f4 43.Re5 Bc6 44.Rf5 Be4 45.Rxf4 Bd3 46.a4 a5 47.Rf3 Kh7 48.
Rf4 Kh6 49.Rf3 Be2 50.Rf4 Kg5 51.Rf8 Bh5 52.Rc8 Ra1 53.Rc5+ Kg6 54.Rxc4 
Bd1 55.Rc8 Bh5 1-0

[Event "2 IECC, Ohrid"]
[Site "Ohrid MKD"]
[Date "2001.06.06"]
[Round "6.71"]
[White "Zuger, Beat"]
[Black "Moiseenko, Olexandr"]
[Result "0-1"]
[WhiteElo "2448"]
[BlackElo "2561"]
[EventDate "2001.06.01"]
[PlyCount "114"]

1.d4 e6 2.e4 c5 3.d5 exd5 4.exd5 d6 5.Nf3 Nf6 6.c4 Be7 7.Nc3 O-O 8.h3 Na6 
9.Bd3 Rb8 10.O-O Nc7 11.a4 b6 12.Re1 a6 13.b3 Bd7 14.Ra2 Re8 15.Rae2 h6 
16.Bc2 b5 17.Qd3 bxc4 18.bxc4 Bf8 19.Nh4 Rxe2 20.Rxe2 Nce8 21.g4 g5 22.Ng2
Bg7 23.f4 gxf4 24.Bxf4 Kf8 25.Qd2 Ng8 26.Ne4 Bc8 27.Ne3 Rb2 28.Kh2 Ngf6 
29.Ng3 h5 30.g5 h4 31.Ngf5 Nh5 32.Nxg7 Nxf4 33.Nxe8 Qxe8 34.Qc3 Qe5 35.
Qxe5 dxe5 36.Rd2 Bxh3 37.Nd1 Rb4 38.Ne3 Bd7 39.a5 Rb2 40.Nd1 Ra2 41.Nc3 
Rxa5 42.Ne4 Ra2 43.Bd1 Rxd2+ 44.Nxd2 Nd3 45.Ne4 Bf5 46.Nd6 Nb2 47.Be2 Bd3 
48.Bh5 Bg6 49.Be2 e4 50.Nb7 Na4 51.Bg4 e3 52.d6 Nb6 53.Nxc5 a5 54.Kg1 a4 
55.Kf1 a3 56.Nb3 Bd3+ 57.Ke1 Bxc4 0-1

[Event "2 IECC, Ohrid"]
[Site "Ohrid MKD"]
[Date "2001.06.06"]
[Round "6.72"]
[White "Chuchelov, Vladimir"]
[Black "Cao, Sang"]
[Result "1-0"]
[WhiteElo "2550"]
[BlackElo "2488"]
[EventDate "2001.06.01"]
[PlyCount "129"]

1.Nf3 Nf6 2.c4 e6 3.Nc3 d5 4.d4 Be7 5.Qc2 Nbd7 6.cxd5 exd5 7.Bf4 c6 8.h3 
Nf8 9.e3 Ng6 10.Bh2 Bd6 11.Bxd6 Qxd6 12.Bd3 O-O 13.O-O-O Re8 14.Kb1 Qe7 
15.g4 Bd7 16.Rhg1 Rad8 17.Nd2 Bc8 18.g5 Nd7 19.h4 Ngf8 20.Nf3 Qd6 21.h5 b5
22.Rc1 Nb6 23.Ne2 Nc4 24.Ka1 Bd7 25.b3 g6 26.Qc3 b4 27.Qe1 Na3 28.Ne5 Rxe5
29.dxe5 Qxe5+ 30.Nd4 a5 31.f4 Qd6 32.Qd2 a4 33.bxa4 c5 34.Nf3 Bxa4 35.Ne5 
c4 36.Be2 c3 37.Qd4 Ne6 38.Qa7 Be8 39.hxg6 hxg6 40.Rh1 Qc5 41.Qxc5 Nxc5 
42.Bf3 Nc4 43.Ng4 Kf8 44.Rh8+ Ke7 45.Bxd5 Rxd5 46.Rxe8+ Kxe8 47.Nf6+ Kd8 
48.Nxd5 Nd3 49.Rc2 Na3 50.Nxb4 Nxc2+ 51.Nxc2 Kd7 52.a4 Nc5 53.Ka2 Nxa4 54.
Kb3 Nb6 55.Kxc3 f6 56.gxf6 Ke6 57.Kd4 Kxf6 58.e4 Nc8 59.Ne3 Ke6 60.Nc4 Ne7
61.Ne5 Nf5+ 62.exf5+ Kxf5 63.Nxg6 Kxg6 64.Ke5 Kf7 65.Kf5 1-0